| 000 | 00000nam 2200000zi 4500 |
| 001 | 9.875402 |
| 003 | CaOODSP |
| 005 | 20221107164439 |
| 006 | m o d f |
| 007 | cr cn||||||||| |
| 008 | 190624t20192019onc ob f000 0 eng d |
| 020 | |a9780660315669 |
| 040 | |aCaOODSP|beng|erda|cCaOODSP |
| 043 | |an-cn--- |
| 045 | |ay1y1 |
| 086 | 1 |aH21-312/2019E-PDF |
| 245 | 04|aThe Canadian cannabis survey 2019 : |bmethodological report / |cprepared for Health Canada. |
| 264 | 1|aOttawa, Ontario : |bHealth Canada = Santé Canada, |c2019. |
| 264 | 4|c©2019 |
| 300 | |a1 online resource (85 pages) + |eexecutive summary + data tables |
| 336 | |atext|btxt|2rdacontent |
| 337 | |acomputer|bc|2rdamedia |
| 338 | |aonline resource|bcr|2rdacarrier |
| 500 | |aIssued also in French under title: Enquête canadienne sur le cannabis 2019 : rapport méthodologique. |
| 500 | |a"Supplier name: Advanis Inc." |
| 500 | |a"Contract number: HT372-184451 001 CY." |
| 500 | |a"Registration number: POR 130-18." |
| 500 | |a"June 2019." |
| 500 | |aMethodological report and executive summary issued also in HTML format. |
| 504 | |aIncludes bibliographical references. |
| 650 | 0|aCannabis|zCanada|xPublic opinion. |
| 650 | 0|aMarijuana|zCanada|xPublic opinion. |
| 650 | 0|aMarijuana abuse|zCanada|xPublic opinion. |
| 650 | 0|aMarijuana|xTherapeutic use|zCanada|xPublic opinion. |
| 650 | 0|aPublic opinion|zCanada. |
| 710 | 1 |aCanada. |bHealth Canada. |
| 710 | 2 |aAdvanis (Firm) |
| 775 | 08|tEnquête canadienne sur le cannabis 2019 : |w(CaOODSP)9.875403 |
| 794 | |tThe Canadian cannabis survey 2020 : |w(CaOODSP)9.890940 |
| 795 | |tThe Canadian cannabis survey 2018 |w(CaOODSP)9.859292 |
| 856 | 40|qPDF|s1.24 KB|uhttps://publications.gc.ca/collections/collection_2019/sc-hc/H21-312-2019-eng.pdf|z(methodological report) |
| 856 | 40|qPDF|s147 KB|uhttps://publications.gc.ca/collections/collection_2019/sc-hc/H21-312-2019-1-eng.pdf|z(executive summary) |
| 856 | 40|qPDF|s3.49 MB|uhttps://publications.gc.ca/collections/collection_2019/sc-hc/H21-312-2019-2-eng.pdf|z(data tables) |
| 856 | 4 |qHTML|sN/A|uhttp://epe.lac-bac.gc.ca/100/200/301/pwgsc-tpsgc/por-ef/health/2019/130-18-e/The-Canadian-Cannabis-Survey-2019-Methodological-Report-eng.html|z(methodological report) |
| 856 | 4 |qHTML|sN/A|uhttp://epe.lac-bac.gc.ca/100/200/301/pwgsc-tpsgc/por-ef/health/2019/130-18-e/summary/The-Canadian-Cannabis-Survey-2019-Executive-Summary-eng.html|z(executive summary) |